| 000 | 00792nam a2200253 a 4500 | ||
|---|---|---|---|
| 005 | 20240213063950.0 | ||
| 008 | 021107s1978 mx r 000 0 spa d | ||
| 020 | _a9509282103 | ||
| 035 | _aUPN01000120831 | ||
| 049 | _aCG | ||
| 050 | 4 |
_aBF723 P2.5 _bL3.48 |
|
| 100 | 1 |
_aLacan, Jacques, _d1905-1981 |
|
| 245 | 1 | 3 |
_aLa familia / _cJacques Lacan; tr. Vittorio Fishman. |
| 260 |
_aBuenos Aires : _bArgonauta, _c1978. |
||
| 300 | _a142 p. | ||
| 440 | 0 |
_aBiblioteca de psicoanálisis ; _v1 |
|
| 590 | _a(También localizas un ejemplar en el "Area de Reserva") | ||
| 590 | _aBibliografía Básica (BGTQ) | ||
| 534 |
_pTraducción de: _tLa Famille |
||
| 650 | 4 |
_aFamilias _xAspectos psicológicos _914119 |
|
| 650 | 0 |
_aRelación padres-hijos _91359 |
|
| 905 | _aLibro | ||
| 999 |
_c93165 _d93165 |
||